000 00625nam a2200229 a 4500
008
020 _a0471574511 (hbk.)
049 _aMAIN
090 _aTK454
_bDOR
100 1 _aDorf, Richard C.
245 1 0 _aIntroduction to electric circuits /
_cRichard C. Dorf.
250 _a2nd ed.
260 _aNew York :
_bWiley,
_cc1993.
300 _axviii, 874 p. :
_bill., ;
_c26 cm.
500 _aIncludes index.
650 0 _aElectric circuits.
907 _a.b10002182
_b24-11-15
_c17-04-03
003
005 20230123133553.0
040 _cNUST
942 _cBOOKS
_kTK454
_mDOR
999 _c150894
_d150894